<?xml version="1.0" encoding="UTF-8"?>
<record
    xmlns:xsi="http://www.w3.org/2001/XMLSchema-instance"
    xsi:schemaLocation="http://www.loc.gov/MARC21/slim http://www.loc.gov/standards/marcxml/schema/MARC21slim.xsd"
    xmlns="http://www.loc.gov/MARC21/slim">

  <leader>01171nam a22002657a 4500</leader>
  <datafield tag="999" ind1=" " ind2=" ">
    <subfield code="c">114666</subfield>
    <subfield code="d">114666</subfield>
  </datafield>
  <controlfield tag="005">20181212175430.0</controlfield>
  <datafield tag="010" ind1=" " ind2=" ">
    <subfield code="a">B-142709, B-142723</subfield>
  </datafield>
  <datafield tag="020" ind1=" " ind2=" ">
    <subfield code="c">200.00</subfield>
    <subfield code="a">8188139491</subfield>
  </datafield>
  <datafield tag="035" ind1=" " ind2=" ">
    <subfield code="a">B-142709,B-142723</subfield>
  </datafield>
  <datafield tag="037" ind1=" " ind2=" ">
    <subfield code="b">Cen Lib/Ret</subfield>
  </datafield>
  <datafield tag="082" ind1=" " ind2=" ">
    <subfield code="a">&#x909; </subfield>
    <subfield code="b">&#x91C;&#x94B;&#x936;&#x940;&#x926;&#x93F; </subfield>
  </datafield>
  <datafield tag="100" ind1=" " ind2=" ">
    <subfield code="a">&#x91C;&#x94B;&#x936;&#x940;, &#x926;&#x93F;&#x928;&#x915;&#x930; </subfield>
  </datafield>
  <datafield tag="245" ind1=" " ind2=" ">
    <subfield code="a">&#x905;&#x92E;&#x943;&#x924;&#x92F;&#x93E;&#x924;&#x94D;&#x930;&#x93E; /</subfield>
    <subfield code="c">&#x926;&#x93F;&#x928;&#x915;&#x930; &#x91C;&#x94B;&#x936;&#x940; ; &#x905;&#x928;&#x941;&#x935;&#x93E;&#x926; &#x924;&#x94D;&#x930;&#x93F;&#x935;&#x947;&#x926;&#x940; &#x92A;&#x94D;&#x930;&#x938;&#x93E;&#x926; &#x936;&#x941;&#x915;&#x94D;&#x932;&#x93E; </subfield>
  </datafield>
  <datafield tag="246" ind1=" " ind2=" ">
    <subfield code="a">Amrityatra /</subfield>
    <subfield code="b">by Dinkar Joshi; anuvad Trivedi Prasad Shukla  </subfield>
  </datafield>
  <datafield tag="260" ind1=" " ind2=" ">
    <subfield code="a">&#x926;&#x93F;&#x932;&#x94D;&#x932;&#x940; </subfield>
    <subfield code="b">&#x91C;&#x94D;&#x91E;&#x93E;&#x928; &#x917;&#x902;&#x917;&#x93E; </subfield>
    <subfield code="c">2004</subfield>
  </datafield>
  <datafield tag="270" ind1=" " ind2=" ">
    <subfield code="a">&#x968;&#x966;&#x96B;-&#x938;&#x940; &#x91A;&#x93E;&#x935;&#x921;&#x93C;&#x940; &#x92C;&#x93E;&#x91C;&#x93C;&#x93E;&#x930; </subfield>
    <subfield code="b"> &#x928;&#x92F;&#x940; &#x926;&#x93F;&#x932;&#x94D;&#x932;&#x940; </subfield>
    <subfield code="e">110006</subfield>
  </datafield>
  <datafield tag="300" ind1=" " ind2=" ">
    <subfield code="a">190&#x92A;&#x943;.</subfield>
    <subfield code="c">20&#x938;&#x947;&#x92E;&#x940;(&#x938;&#x91C;&#x93F;&#x932;&#x94D;&#x926; ) </subfield>
  </datafield>
  <datafield tag="650" ind1=" " ind2=" ">
    <subfield code="a">&#x939;&#x93F;&#x902;&#x926;&#x940; &#x938;&#x93E;&#x939;&#x93F;&#x924;&#x94D;&#x92F;  </subfield>
    <subfield code="x"> </subfield>
    <subfield code="z"> </subfield>
  </datafield>
  <datafield tag="650" ind1=" " ind2=" ">
    <subfield code="a">&#x939;&#x93F;&#x902;&#x926;&#x940; &#x909;&#x92A;&#x928;&#x94D;&#x92F;&#x93E;&#x938; </subfield>
  </datafield>
  <datafield tag="650" ind1=" " ind2=" ">
    <subfield code="a">Hindi literature</subfield>
    <subfield code="v"> </subfield>
  </datafield>
  <datafield tag="650" ind1=" " ind2=" ">
    <subfield code="a">Hindi fiction</subfield>
  </datafield>
  <datafield tag="700" ind1=" " ind2=" ">
    <subfield code="b">&#x936;&#x941;&#x915;&#x94D;&#x932;&#x93E;, &#x924;&#x94D;&#x930;&#x93F;&#x935;&#x947;&#x926;&#x940; &#x92A;&#x94D;&#x930;&#x938;&#x93E;&#x926; </subfield>
    <subfield code="9">57777</subfield>
  </datafield>
  <datafield tag="942" ind1=" " ind2=" ">
    <subfield code="2">ddc</subfield>
    <subfield code="c">HN</subfield>
    <subfield code="h">&#x909;</subfield>
    <subfield code="m">&#x91C;&#x94B;&#x936;&#x940;&#x926;&#x93F; </subfield>
  </datafield>
  <datafield tag="952" ind1=" " ind2=" ">
    <subfield code="0">0</subfield>
    <subfield code="1">0</subfield>
    <subfield code="4">0</subfield>
    <subfield code="7">0</subfield>
    <subfield code="a">L</subfield>
    <subfield code="b">L</subfield>
    <subfield code="d">2015-08-18</subfield>
    <subfield code="e">Cen Lib/Ret</subfield>
    <subfield code="g">200.00</subfield>
    <subfield code="l">0</subfield>
    <subfield code="o">&#x909;  &#x91C;&#x94B;&#x936;&#x940;&#x926;&#x93F;</subfield>
    <subfield code="p">B-142709</subfield>
    <subfield code="r">2015-08-18 00:00:00</subfield>
    <subfield code="t">1</subfield>
    <subfield code="v">200.00</subfield>
    <subfield code="w">2015-08-18</subfield>
    <subfield code="y">HN</subfield>
  </datafield>
  <datafield tag="952" ind1=" " ind2=" ">
    <subfield code="0">0</subfield>
    <subfield code="1">0</subfield>
    <subfield code="2">ddc</subfield>
    <subfield code="4">0</subfield>
    <subfield code="7">0</subfield>
    <subfield code="8">FIC</subfield>
    <subfield code="a">BL1</subfield>
    <subfield code="b">BL1</subfield>
    <subfield code="d">2018-11-11</subfield>
    <subfield code="e">BPPD/Pub</subfield>
    <subfield code="g">200.00</subfield>
    <subfield code="l">0</subfield>
    <subfield code="o">&#x909; &#x91C;&#x94B;&#x936;&#x940;&#x926;&#x93F;</subfield>
    <subfield code="p">B-142713</subfield>
    <subfield code="r">2018-11-11 00:00:00</subfield>
    <subfield code="v">200.00</subfield>
    <subfield code="w">2018-11-11</subfield>
    <subfield code="y">HN</subfield>
  </datafield>
  <datafield tag="952" ind1=" " ind2=" ">
    <subfield code="0">0</subfield>
    <subfield code="1">0</subfield>
    <subfield code="4">0</subfield>
    <subfield code="7">0</subfield>
    <subfield code="8">FIC</subfield>
    <subfield code="a">RC</subfield>
    <subfield code="b">RC</subfield>
    <subfield code="d">2018-12-12</subfield>
    <subfield code="g">200.00</subfield>
    <subfield code="l">1</subfield>
    <subfield code="o">&#x909; &#x91C;&#x94B;&#x936;&#x940;&#x926;&#x93F;</subfield>
    <subfield code="p">B-142723</subfield>
    <subfield code="r">2022-04-18 00:00:00</subfield>
    <subfield code="s">2022-04-05</subfield>
    <subfield code="t">1.</subfield>
    <subfield code="v">200.00</subfield>
    <subfield code="w">2018-12-12</subfield>
    <subfield code="y">HN</subfield>
  </datafield>
</record>
